000 00865nam a2200265Ia 4500
005 20260121170313.0
008 008 260114s9999 xx 000 0 eng d
020 _a9783319730134
037 _aEBOOK
040 _aCRL
040 _beng
040 _cCRL
041 _2eng
041 _aeng
084 _qCRL
100 _aWil M.P. van der Aalst, Dmitry I. Ignatov, Michael Khachay, Sergei O. Kuznetsov, Victor Lempitsky, Irina A. Lomazova, Natalia Loukachevitch, Amedeo Napoli, Alexander Panchenko, Panos M. Pardalos, Andrey V. Savchenko, Stanley Wasserman
_91062248
245 0 _aAnalysis of Images, Social Networks and Texts
260 _bSpringer
260 _bSpringer
260 _c2018
856 _uhttps://link.springer.com/openurl?genre=book&isbn=978-3-319-73013-4
942 _cEBOOK
999 _c1627977
_d1627977